STRATEGIES FOR CHURCH GROWTH (Record no. 121)

MARC details
000 -LEADER
fixed length control field 00466nam a2200181Ia 4500
003 - CONTROL NUMBER IDENTIFIER
control field OSt
005 - DATE AND TIME OF LATEST TRANSACTION
control field 20241126110330.0
008 - FIXED-LENGTH DATA ELEMENTS--GENERAL INFORMATION
fixed length control field 160526b xxu||||| |||| 00| 0 eng d
020 ## - INTERNATIONAL STANDARD BOOK NUMBER
International Standard Book Number 0830711708
040 ## - CATALOGING SOURCE
Transcribing agency gbc
082 ## - DEWEY DECIMAL CLASSIFICATION NUMBER
Classification number 266
Item number WAG
100 ## - MAIN ENTRY--PERSONAL NAME
Relationship Wagner, C Peter
245 ## - TITLE STATEMENT
Title STRATEGIES FOR CHURCH GROWTH
Remainder of title Tools for Effective Mission and Evangelism
260 ## - PUBLICATION, DISTRIBUTION, ETC.
Place of publication, distribution, etc. Caqlifornia:
Name of publisher, distributor, etc. Regal Books,
Date of publication, distribution, etc. 1989
300 ## - PHYSICAL DESCRIPTION
Extent 216p.
653 ## - INDEX TERM--UNCONTROLLED
Uncontrolled term Mission
942 ## - ADDED ENTRY ELEMENTS (KOHA)
Source of classification or shelving scheme Dewey Decimal Classification
Koha item type Books
Koha issues (borrowed), all copies 13
Holdings
Withdrawn status Lost status Source of classification or shelving scheme Damaged status Not for loan Home library Current Library Shelving location Date acquired Total checkouts Full call number Barcode Date last seen Date last checked out Copy number Price effective from Koha item type Total renewals
    Dewey Decimal Classification     GRACE BIBLE COLLEGE GRACE BIBLE COLLEGE Ministry & Mission 2016-05-26 5 266 WAG 010742 2025-05-01 2022-10-03 c.4 2016-05-26 Books  
    Dewey Decimal Classification     GRACE BIBLE COLLEGE GRACE BIBLE COLLEGE Ministry & Mission 2016-05-26   266 WAG 010743 2025-05-01   c.5 2016-05-26 Books  
    Dewey Decimal Classification     GRACE BIBLE COLLEGE GRACE BIBLE COLLEGE Ministry & Mission 2016-05-26 4 266 WAG 010744 2025-10-06 2025-10-01 c.6 2016-05-26 Books  
    Dewey Decimal Classification     GRACE BIBLE COLLEGE GRACE BIBLE COLLEGE Ministry & Mission 2016-05-26 3 266 WAG 010741 2025-10-06 2025-09-29 c.3 2016-05-26 Books  
    Dewey Decimal Classification     GRACE BIBLE COLLEGE GRACE BIBLE COLLEGE Ministry & Mission 2016-05-26 3 266 WAG 010740 2025-05-01 2023-09-28 c.2 2016-05-26 Books 1
    Dewey Decimal Classification     GRACE BIBLE COLLEGE GRACE BIBLE COLLEGE Ministry & Mission 2016-05-26 2 266 WAG 010739 2025-08-05 2025-07-29 c.1 2016-05-26 Books  
© Grace Bible College Library 2025